Desenhe as Fronteiras Estaduais e Internacionais do Brasil - Statistics

Estatísticas Gerais
  • Esse quiz foi jogado 1 021 vezes
  • A pontuação média é 63 de 70
Respostas no mapa
Respostas codificadas por cores de uma escala verde-vermelha no mapa do quiz de acordo com a % correta abaixo.
 
Estatísticas das Respostas
Fronteira % Correto
Acre-Amazonas
93%
Minas Gerais-São Paulo
93%
Paraná-Santa Catarina
93%
Paraná-São Paulo
93%
Rio de Janeiro-São Paulo
93%
Rio Grande do Sul-Santa Catarina
93%
Amazonas-Pará
92%
Argentina-Rio Grande do Sul
92%
Argentina-Santa Catarina
92%
Bahia-Minas Gerais
92%
Espírito Santo-Rio de Janeiro
92%
Goiás-Minas Gerais
92%
Uruguai-Rio Grande do Sul
92%
Amazonas-Rondônia
91%
Amazonas-Roraima
91%
Argentina-Paraná
91%
Bahia-Sergipe
91%
Espírito Santo-Minas Gerais
91%
Goiás-Mato Grosso
91%
Mato Grosso do Sul-Paraná
91%
Mato Grosso do Sul-São Paulo
91%
Mato Grosso-Mato Grosso do Sul
91%
Mato Grosso-Pará
91%
Minas Gerais-Rio de Janeiro
91%
Venezuela-Amazonas
91%
Amapá-Pará
90%
Amazonas-Mato Grosso
90%
Bahia-Espírito Santo
90%
Bahia-Goiás
90%
Bahia-Tocantins
90%
Ceará-Rio Grande do Norte
90%
Colômbia-Amazonas
90%
Goiás-Mato Grosso do Sul
90%
Goiás-Tocantins
90%
Maranhão-Pará
90%
Mato Grosso do Sul-Minas Gerais
90%
Paraguai-Paraná
90%
Pará-Tocantins
90%
Peru-Amazonas
90%
Alagoas-Sergipe
89%
Bahia-Pernambuco
89%
Bolívia-Acre
89%
Bolívia-Mato Grosso
89%
Bolívia-Mato Grosso do Sul
89%
Ceará-Pernambuco
89%
Ceará-Piauí
89%
Maranhão-Piauí
89%
Maranhão-Tocantins
89%
Mato Grosso-Rondônia
89%
Mato Grosso-Tocantins
89%
Paraguai-Mato Grosso do Sul
89%
Peru-Acre
89%
Alagoas-Bahia
88%
Alagoas-Pernambuco
88%
Bahia-Piauí
88%
Ceará-Paraíba
88%
Guiana-Pará
88%
Paraíba-Pernambuco
88%
Paraíba-Rio Grande do Norte
88%
Pará-Roraima
88%
Suriname-Pará
88%
Pernambuco-Piauí
87%
Venezuela-Roraima
87%
Acre-Rondônia
86%
Bolívia-Rondônia
86%
Distrito Federal-Goiás
86%
Guiana-Roraima
85%
França-Amapá
84%
Piauí-Tocantins
80%
Suriname-Amapá
79%
Nenhum quiz correspondente encontrado
Distribuição das Pontuações
Porcentagem de Pessoas com Cada Pontuação
Percentil de Números Respondidos
Sua Pontuação Histórica
Você não jogou esse quiz